000 00795cam a2200253 a 4500
001 4380257
003 OSt
005 20160511123335.0
008 911009s1992 nyu 000 1 eng
010 _a 91039753
020 _a0385306776 :
_c$15.00 U.S. ($19.00 Can.)
040 _aSEKU
043 _an-us-sc
050 0 0 _aPS 3568
_b.R6
100 1 _aRobards, Karen.
245 1 0 _aNobody's angel /
_cKaren Robards.
260 _aNew York, N.Y. :
_bDelacorte Press,
_c1992.
300 _a324 p. ;
_c25 cm.
650 0 _aIndentured servants
_xFiction.
651 0 _aSouth Carolina
_xHistory
_yColonial period, ca. 1600-1775
_xFiction.
655 7 _aLove stories.
_2gsafd
856 4 2 _3Publisher description
_uhttp://www.loc.gov/catdir/description/random041/91039753.html
942 _2lcc
_cGEN
999 _c13755
_d13755